Brawl Stars-Most used Brawl Stars brawlers - Statistics

General Stats
  • This quiz has been taken 1,279 times
  • The average score is 6 of 10
Answer Stats
Hint Answer % Correct
4 Shelly
93%
1 Colt
81%
5 Leon
73%
2 Spike
73%
3 Crow
69%
9 Frank
52%
8 Poco
46%
6 Bo
38%
7 Tara
30%
10 El Poco
4%
No matching quizzes found
Score Distribution
Percent of People with Each Score
Percentile by Number Answered
Your Score History
You have not taken this quiz